<?xml version="1.0" encoding="UTF-8"?><?xml-stylesheet type="text/xsl" href="static/style.xsl"?><OAI-PMH xmlns="http://www.openarchives.org/OAI/2.0/" xmlns:xsi="http://www.w3.org/2001/XMLSchema-instance" xsi:schemaLocation="http://www.openarchives.org/OAI/2.0/ http://www.openarchives.org/OAI/2.0/OAI-PMH.xsd"><responseDate>2026-06-02T16:18:21Z</responseDate><request verb="GetRecord" identifier="oai:riuma.uma.es:10630/23830" metadataPrefix="marc">https://riuma.uma.es/rest/oai/request</request><GetRecord><record><header><identifier>oai:riuma.uma.es:10630/23830</identifier><datestamp>2026-02-03T12:54:21Z</datestamp><setSpec>com_10630_19559</setSpec><setSpec>com_10630_3139</setSpec><setSpec>com_10630_10</setSpec><setSpec>col_10630_23777</setSpec></header><metadata><record xmlns="http://www.loc.gov/MARC21/slim" xmlns:dcterms="http://purl.org/dc/terms/" xmlns:doc="http://www.lyncode.com/xoai" xmlns:xsi="http://www.w3.org/2001/XMLSchema-instance" xsi:schemaLocation="http://www.loc.gov/MARC21/slim http://www.loc.gov/standards/marcxml/schema/MARC21slim.xsd">
   <leader>00925njm 22002777a 4500</leader>
   <datafield ind2=" " ind1=" " tag="042">
      <subfield code="a">dc</subfield>
   </datafield>
   <datafield ind2=" " ind1=" " tag="720">
      <subfield code="a">Rendón Páez, Claudia</subfield>
      <subfield code="e">author</subfield>
   </datafield>
   <datafield ind2=" " ind1=" " tag="260">
      <subfield code="c">2022</subfield>
   </datafield>
   <datafield ind2=" " ind1=" " tag="520">
      <subfield code="a">Escuela y sociedad se presentan como realidades íntimamente relacionadas. Ambas se nutren e interactúan de tal modo que los lazos que se construyen entre ellas influyen en el modelo educativo actual. Las bases, los valores y los postulados que caracterizan el sistema sociopolítico imperante tintan el modo de concebir y desarrollar el sistema educativo, dando como resultado un proceso rígido y hermético al que el alumnado debe amoldarse. No obstante, ante esta situación, otros modos de proceder se han de considerar posibles. Hacer al margen de lo hegemónico, abrir las escuelas a la realidad social en consonancia con las demandas y necesidades de la ciudadanía se presentan como posibles vías hacia la construcción de un sistema más contextualizado y significativo. Por ello, a lo largo del escrito se pretenden plantear algunas claves generales a considerar para la construcción de un sistema acorde al contexto en el que las escuelas se alzan.</subfield>
   </datafield>
   <datafield ind1="8" ind2=" " tag="024">
      <subfield code="a">Rendón, C. (2022). La apertura de escuela al contexto social: una visión alternativa a los modelos educativos hegemónicos. Márgenes, Revista de Educación de la Universidad de Málaga. 3(1), 177-189</subfield>
   </datafield>
   <datafield ind1="8" ind2=" " tag="024">
      <subfield code="a">https://hdl.handle.net/10630/23830</subfield>
   </datafield>
   <datafield ind1="8" ind2=" " tag="024">
      <subfield code="a">https://doi.org/10.24310/mgnmar.v3i1.13623</subfield>
   </datafield>
   <datafield tag="653" ind2=" " ind1=" ">
      <subfield code="a">Sociología de la educación</subfield>
   </datafield>
   <datafield ind2="0" ind1="0" tag="245">
      <subfield code="a">La apertura de la escuela al contexto social: una visión alternativa a los modelos educativos hegemónicos</subfield>
   </datafield>
</record>
</metadata></record></GetRecord></OAI-PMH>